000 00731nam a2200289Ia 4500
005 20260324111651.0
008 008 260324s9999 xx 000 0 eng d
020 _a9781003427773
037 _aEBOOK
040 _aCRL
040 _beng
040 _cCRL
041 _2eng
041 _aeng
084 _qCRL
100 _aMorgan Jones; Peter Barnett; Dale Lucht
_91139515
245 0 _aDon't Repeat Our Mistakes
245 0 _bNine Lessons for Leaders Championing Cultural Transformations
260 _bTaylor and Francis
260 _c2025
365 _a
365 _b230
856 _uhttp://www.taylorfrancis.com/books/9781003427773
942 _cEBOOK
999 _c1728410
_d1728410